00514nam a2200181Ia 450000500170000000800410001702000280005804000190008604100120010508200130011710000170013024500890014726000320023630000110026865000190027970000240029885000100032220240509094855.0131103s9999 xx 000 0 und d a0-7069-7099-3cRs.28.00 aLoreto College aEnglish a428bGOV aGovil, Meera aExplorationsb graded english for middle school cMeera Govil and Vijaya Subramaniam aNew DelhibVikas pub.c1993 a247p.  aEnglish reader aSubramaniam, Vijaya aLCBED